Pískomil : správná péče a porozumění : rady odborníků pro správný chov : určeno i pro děti, které se o zvířátko samy starají /

Hlavní autor: Kötter, Engelbert, 1962-
Další autoři: Köhler, Fritz W., Ehrenstein, Ehrenfried, Skogstad, Karin
Jazyk: Čeština
Vydáno: Praha : Vašut, 2002
Vydání: České vyd. 1.
Edice: Jak na to (Jan Vašut)
Témata:
Externí odkaz: Digitalizovaný dokument
Fyzický popis: 56 s. : il. (některé barev.) ; 20 cm
Knihy
Uloženo v:
LEADER 01846nam a2200469 a 4500
001 000637678
003 CZ BrMZK
005 20060907141918.0
007 ta
008 021122s2002 xr a e f 001 0 cze
015 |a cnb001193705 
020 |a 80-7236-141-4 
035 |a (OCoLC)53264017 
040 |a BOA001  |b cze  |c BOA001 
041 1 |a cze  |h ger 
072 7 |a 636  |x Chov zvířat. Živočišná výroba  |2 Konspekt  |9 24 
080 |a 636.96  |2 MRF 
080 |a 636.08  |2 MRF 
080 |a (035)  |2 MRF 
100 1 |a Kötter, Engelbert,  |d 1962-  |7 mzk2002160567  |4 aut 
245 1 0 |a Pískomil :  |b správná péče a porozumění : rady odborníků pro správný chov : určeno i pro děti, které se o zvířátko samy starají /  |c Engelbert Kötter ; spolupráce Ehrenfried Ehrenstein ; s barevnými fotografiemi Karin Skogstadové a kresbami Fritze W. Köhlera 
246 1 8 |a Pískomilové 
250 |a České vyd. 1. 
260 |a Praha :  |b Vašut,  |c 2002 
300 |a 56 s. :  |b il. (některé barev.) ;  |c 20 cm 
490 1 |a Jak na to 
500 |a Přeloženo z němčiny 
500 |a Obsahuje rejstřík 
650 0 7 |a pískomilové  |7 ph124868  |2 czenas 
650 0 7 |a chov domácích zvířat  |7 ph119200  |2 czenas 
655 7 |a příručky  |7 fd133209  |2 czenas 
700 1 |a Köhler, Fritz W.  |7 jn20001005502  |4 ill 
700 1 |a Ehrenstein, Ehrenfried  |7 xx0004021  |4 aut 
700 1 |a Skogstad, Karin  |7 jn20020716198  |4 pht 
765 0 |t Rennmäuse  |9 Česky 
830 0 |a Jak na to (Jan Vašut)  |0 s 
856 4 1 |u http://www.digitalniknihovna.cz/mzk/uuid/uuid:e15d1c90-ea17-11e3-a2c6-005056827e51  |y Digitalizovaný dokument  |x NDK 
910 |a BOA001  |b 2-1110.178 
990 |a BK 
922 |a příručky pro děti 
922 |a příručky 
996 6 |b 2610176120  |c 2-1110.178  |l MZK  |r Sklad / do 1 hodiny  |n 12  |p p.v.  |w 000637678  |u 000010  |a 1  |e BOA001  |j MZK50  |s P